A hazai közösségi bormarketing alakulása és jövőbeli lehetőségei különös tekintettel a Mátrai borvidék borászainak marketingtevékenységére

Bibliographic Details
Main Author: Medve Enikő
Other Authors: Harsányi Dr. Dávid
Format: Thesis
Kulcsszavak:Bormarketing
Borpiac
Magyarország
Online Access:http://dolgozattar.uni-bge.hu/411

MARC

LEADER 00000nta a2200000 i 4500
001 dolg411
005 20151014123507.0
008 150305suuuu hu om 000 hun d
040 |a BGE Dolgozattár Repozitórium  |b hun 
041 |a hu 
100 1 |a Medve Enikő 
245 1 2 |a A hazai közösségi bormarketing alakulása és jövőbeli lehetőségei különös tekintettel a Mátrai borvidék borászainak marketingtevékenységére  |c Medve Enikő  |h [elektronikus dokumentum] 
695 |a Bormarketing 
695 |a Borpiac 
695 |a Magyarország 
700 1 |a Harsányi Dr. Dávid  |e ths 
856 4 0 |u http://dolgozattar.uni-bge.hu/411/1/Szakdolgozat_MedveEniko_vegleges.pdf  |z Dokumentum-elérés 
856 4 0 |u http://dolgozattar.uni-bge.hu/411/7/Szinopszis_szakdolgozat_MedveEniko.pdf  |z Dokumentum-elérés